Statistics for Languages Spoken in Canada

Click here to take the quiz!

General Stats

  • This quiz has been taken 19,010 times
    (10,688 since last reset)
  • The average score is 14 of 22

Answer Stats

# SpeakersLanguage% Correct
29,748,265English
100%
10,242,945French
100%
995,255Spanish
95%
502,730German
89%
574,725Italian
83%
295,955Portuguese
83%
814,450Mandarin
82%
269,465Russian
81%
629,055Arabic
76%
433,365Hindi
70%
214,965Polish
65%
172,755Korean
63%
699,125Cantonese
61%
150,965Greek
54%
198,895Vietnamese
52%
612,735Tagalog
50%
322,220Urdu
46%
252,320Persian
44%
132,115Ukrainian
42%
668,240Punjabi
35%
189,860Tamil
31%
149,045Gujarati
15%

Score Distribution

Percentile by Number Answered

Percent of People with Each Score

Your Score History

You have not taken this quiz since the last reset